000
00334 a2200157 4500
001
57274
020
_a
8508105266
040
_c
Anchieta - Pituba
100
_a
Piasecki, Jerry
240
1
0
_a
Meninos em guerra
_l
por
245
1
0
_a
Meninos em guerra
300
_a
168
362
0
_a
2006
650
4
_a
Literatura juvenil
942
_c
BK
999
_c
57274
_d
57274